Paradoxas fabriles

Gespeichert in:
Bibliographische Detailangaben
1. Verfasser: Victoria y Ahumada, Juan de (VerfasserIn)
Format: Buch
Sprache:Spanisch
Veröffentlicht: Córdoba Colegio de la Asunción 1700
Ausgabe:1a. ed
Schlagworte:
Tags: Tag hinzufügen
Keine Tags, Fügen Sie den ersten Tag hinzu!

MARC

LEADER 00000nam a2200000 a 4500
001 UCJ8663
003 CL-VaPUC
008 070124e17000000SP |||||||||||||||||spa|d
082 0 4 |a 090  |b VIC  |2 21 
100 0 |a Victoria y Ahumada, Juan de  |e author  |9 517561 
245 1 0 |a Paradoxas fabriles 
250 |a 1a. ed 
300 |a 23 p 
942 |c BK 
945 |d 20070124 00:00:00  |a rinostro 
260 |a Córdoba  |b Colegio de la Asunción  |c 1700 
500 |a Se encuentra empastado junto a otras monografías en un volumen sin rotulación externa 
650 7 |a LIBRO RARO  |2 CL-VaPUC  |9 504169 
650 7 |a AZUCAR  |2 CL-VaPUC  |9 375969 
650 0 |a Recursos naturales  |9 255232 
650 7 |a INDUSTRIA  |2 CL-VaPUC  |9 315110 
583 |a last modification  |c 20070124 00:00:00  |k Rodrigo Vera 
999 |c 324333  |d 324331 
952 |0 0  |1 0  |4 0  |6 090_000000000000000_VIC_1700  |7 0  |8 X  |9 404424  |a FDOBUD  |b FDOBUD  |d 2019-11-22  |i 1081934  |o 090 VIC 1700  |p 1081934  |r 2019-11-22  |w 2019-11-22  |y BK_X  |k BUD